Nimati kaina (Record no. 2536)
[ view plain ]
| 000 -LEADER | |
|---|---|
| fixed length control field | 00497cam a2200193ua 4500 |
| 001 - CONTROL NUMBER | |
| control field | 2687 |
| 005 - DATE AND TIME OF LATEST TRANSACTION | |
| control field | 20260515113542.0 |
| 008 - FIXED-LENGTH DATA ELEMENTS--GENERAL INFORMATION | |
| fixed length control field | 110909n enk |||gr||||Z||||||asm |
| 040 ## - CATALOGING SOURCE | |
| Transcribing agency | MAIN |
| 082 ## - DEWEY DECIMAL CLASSIFICATION NUMBER | |
| Classification number | 891.4512 |
| 100 ## - MAIN ENTRY--PERSONAL NAME | |
| Personal name | Agarwalla, Jyotiprasad, |
| Relator term | Author. |
| 245 11 - TITLE STATEMENT | |
| Title | Nimati kaina |
| Statement of responsibility, etc. | by Jyotiprasad Agarawalla |
| 250 ## - EDITION STATEMENT | |
| Edition statement | 2nd. |
| 260 ## - PUBLICATION, DISTRIBUTION, ETC. | |
| Place of publication, distribution, etc. | Guahati: |
| Name of publisher, distributor, etc. | Secretary publication board assam, |
| Date of publication, distribution, etc. | 2008. |
| 300 ## - PHYSICAL DESCRIPTION | |
| Extent | 52p: |
| Dimensions | 23cm. |
| 653 ## - INDEX TERM--UNCONTROLLED | |
| Uncontrolled term | Assamese drama |
| 653 ## - INDEX TERM--UNCONTROLLED | |
| Uncontrolled term | Nimati kaina |
| 942 ## - ADDED ENTRY ELEMENTS (KOHA) | |
| Koha item type | Books |
| Withdrawn status | Lost status | Damaged status | Not for loan | Home library | Current library | Shelving location | Date acquired | Total checkouts | Full call number | Barcode | Date last seen | Copy number | Price effective from | Koha item type | Date last checked out |
|---|---|---|---|---|---|---|---|---|---|---|---|---|---|---|---|
| Naharkatiya College Library | Naharkatiya College Library | General stacks | 09/19/2020 | 891.4512 | AGA | 17502 | 09/19/2020 | 1 | 09/19/2020 | Books | ||||||
| Naharkatiya College Library | Naharkatiya College Library | General stacks | 09/19/2020 | 1 | 891.4512 | AGA | 17503 | 12/01/2021 | 3 | 09/19/2020 | Books | 11/30/2021 | ||||
| Naharkatiya College Library | Naharkatiya College Library | General stacks | 09/19/2020 | 891.4512 | AGA | 17504 | 09/19/2020 | 2 | 09/19/2020 | Books |